000 00234nam a2200097Ia 4500
008 190216s9999||||xx |||||||||||||| ||und||
100 _aSajirani Gurudev
245 0 _aHindi-Mahadevi Varma
260 _bHindi Sahithya Sadan
942 _cBK
999 _c17845
_d17845